<A> Brief Genesis of the North Atlantic Air Transport
Vzťahy civilného letectva medzi USA a Európskou úniou. História a pôvod týchto vzťahov. Éra "otvorenej oblohy". Dohoda o voľnom lietaní medzi USA a Európskou úniou podpísaná v roku 2007.
Gespeichert in:
| 1. Verfasser: | |
|---|---|
| Format: | Buchkapitel |
| Sprache: | Englisch |
| Schlagworte: | |
| Tags: |
Keine Tags, Fügen Sie das erste Tag hinzu!
|
MARC
| LEADER | 00000naa a2200000 4500 | ||
|---|---|---|---|
| 001 | 0132511 | ||
| 005 | 20240502083325.3 | ||
| 041 | 0 | |a eng | |
| 044 | |a LT | ||
| 245 | 1 | 0 | |a <A> Brief Genesis of the North Atlantic Air Transport |c Martin Grančay |
| 520 | |a Vzťahy civilného letectva medzi USA a Európskou úniou. História a pôvod týchto vzťahov. Éra "otvorenej oblohy". Dohoda o voľnom lietaní medzi USA a Európskou úniou podpísaná v roku 2007. | ||
| 610 | 2 | 0 | |a doprava letecká |
| 610 | 2 | 0 | |a doprava letecká medzinárodná |
| 610 | 2 | 0 | |a dohody |
| 610 | 2 | 0 | |a Európska únia |
| 610 | 2 | 0 | |a USA |
| 100 | 1 | |a Grančay, Martin, 1984-2024 | |